Регионална библиотека "Любен Каравелов" - Русе

Мината (Запис номер 170025)

MARC детайли
000 -Лидер
Контролно поле с фиксирана дължина nam a22 a 4500
003 - Код на организацията, давaща контролен номер
Контролно поле BLK
005 - Дата и час на последна редакция
Контролно поле 20220122145115.0
008 - Елементи от данни с фиксирана дължина
fixed length control field 180411b bul|||||r ||||||| ||bul||
010 ## - Наследен системен номер
LC control number KNG00178111000
040 ## - Източник на каталожния запис
Идентификатор на билиотеката - собственик на записа BLK
041 ## - Код за език
Код за езика на текст/звукозапис или на отделно заглавие Български
Код за езика КДБФ Български
080 ## - УДК
Текстов определител УДК Испанска литература
УДК код - определител по УДК 821.134.2
УДК определител -31
УДК - код + определител 821.134.2-31
100 1# - Редна дума - Автор
Автор Лопес Салинас, Армандо
Авторска отговорност първи автор
R(LIN) 338401
139 ## - Редно поле
Редна дума Лопес Салинас, Армандо
Авторски знак Лон - Л 82
245 10 - Сведения за заглавието
Заглавие Мината
Подзаглавни данни Роман
Редно поле (дума) Армандо Лопес Салинас; прев. от исп. Тодор Петров Нейков.
257 ## - Страна на издаване
Страна на създаване/издаване Испания
260 ## - Област на издателските данни
Място на издаване, разпространение и проч. София
Име на издателя, разпространителя и проч. Нар. младеж
Година на издаване 1962
300 ## - Физическа характеристика
Страници 196 с.
Размери/Мащаб 25 см
380 ## - Жанр
Жанр Худож. лит.
490 ## - СЕРИИ (Колекции)
Име на серия Поредица Младежка книга - Меридиани
№: серия 1962, №9
9 (RLIN) 205132
700 1# - Други автори (авторска отговорност)
Лично име Нейков, Тодор Петров
Автороска отговорност (Описва отношението между автора и произведението) прев. от исп.
9 (RLIN) 365097
852 ## - Местоположение
Форматна сигнатура Цб 23125
Фондова буква Хранилище
856 4# - Електронен адрес и достъп
Електронен формат pdf - файл
856 4# - Електронен адрес и достъп
Електронен формат pdf - файл
999 ## - СИСТЕМНИ КОНТРОЛНИ НОМЕРА
Koha biblionumber 170025
Koha biblioitemnumber 170025
942 ## - АРТИКУЛИ
Вид на библиотечния материал Книги
Скрит в OPAC Не
Периодичен библиозапис Да
944 ## - СЪЗДАВАНЕ И РЕДАКЦИЯ на ЗАПИСА
Създаване/Редакция Създаване
Дата на регистрацията/редакция 13.07.2015
Служител, извършил регистрацията/редакцията Теодора_Стоянова
944 ## - СЪЗДАВАНЕ И РЕДАКЦИЯ на ЗАПИСА
Създаване/Редакция Редакция
Дата на регистрацията/редакция 20.09.2017
Служител, извършил регистрацията/редакцията Вася_Ганчева
999 ## - СИСТЕМНИ КОНТРОЛНИ НОМЕРА
Koha biblioitemnumber 170025
Наличности
Код за отписване Код за изгубен артикул Източник на класификационната схема Код за повреда Коз за рестрикции Код за отдаване Артикулен № Име на библиотеката - собственик Име на библиотеката, в която се намира в момента Статус (Текущо местоположение) Дата на вписване в системата Местоположение - отдел Цена в лева Инвентарен номер Систематично азбучна сигнатура Баркод Номер на екземпляра Цена в евро Служебна бележка Служебен тип на артикула Бележка за публиката
  Не е изгубен Universal Decimal Classification Не е повреден само за читалня ползва се в читалня 287745 Регионална библиотека "Любен Каравелов" Русе Регионална библиотека "Любен Каравелов" Русе Хранилище 1962-01-01 Хранилище 0.51 10624/62 Цб 23125 900000088945 1 0.26 Дост: Dp Вид: Сф Дата: 01.01.1962 Книги  
Изтеглен Не е изгубен Universal Decimal Classification Не е повреден без рестрикции заемане за дома 287746 Регионална библиотека "Любен Каравелов" Русе Регионална библиотека "Любен Каравелов" Русе Заемна - подръчен фонд 1962-01-01 Заемна - подръчен фонд 0.00 9658/62 П 860-31/Л 82 9658/62 2 0.00 Дост: Pk Вид: Сф Дата: 01.01.1962 Книги  
Изтеглен Не е изгубен Universal Decimal Classification Не е повреден без рестрикции заемане за дома 287747 Регионална библиотека "Любен Каравелов" Русе Регионална библиотека "Любен Каравелов" Русе Заемна - подръчен фонд 1962-01-01 Заемна - подръчен фонд 0.00 9653/62 П 860-31/Л 82 9653/62 3 0.00 Дост: Pk Вид: Сф Дата: 01.01.1962 Книги  
Изтеглен Не е изгубен Universal Decimal Classification Не е повреден без рестрикции заемане за дома 287748 Регионална библиотека "Любен Каравелов" Русе Регионална библиотека "Любен Каравелов" Русе Заемна - подръчен фонд 1962-01-01 Заемна - подръчен фонд 0.00 22114/62 П 860-31/Л 82 22114/62 4 0.00 Дост: Pk Вид: Сф Дата: 01.01.1962 Книги  
Изтеглен Не е изгубен   Не е повреден без рестрикции заемане за дома 287749 Регионална библиотека "Любен Каравелов" Русе Регионална библиотека "Любен Каравелов" Русе   1962-01-01 Детски отдел 0.51 10178/62 ДХ 820/899/Л 82 10178/62 5 0.26 Дост: Pk Вид: Сф Дата: 01.01.1962 Дата инв: 12.09.2015 Бележки инв: Д2015 Книги Отч.N: 36/2017 , Дата: 05.09.2017
Vip Innovations Ltd, Rousse, Bulgaria 2025